Online
Catalog

Panorama del mundo actual / (Record no. 11225)

MARC details
000 -CABECERA
campo de control de longitud fija 01204nam a2200325 a 4500
001 - NÚMERO DE CONTROL
campo de control 000011529
005 - FECHA Y HORA DE LA ÚLTIMA TRANSACCIÓN
campo de control 20250716114918.0
008 - DATOS DE LONGITUD FIJA--INFORMACIÓN GENERAL
campo de control de longitud fija 091019s1976 sp abd 001 0 spa
020 ## - NÚMERO INTERNACIONAL ESTÁNDAR DEL LIBRO
Número Internacional Estándar del Libro 8434434202
040 ## - FUENTE DE LA CATALOGACIÓN
Centro catalogador/agencia de origen DO-SdBNP
Lengua de catalogación spa
Centro/agencia transcriptor BNPHU
041 17 - CÓDIGO DE LENGUA
Código de lengua del texto/banda sonora o título independiente spa
Código de lengua original fre
Fuente del código Código de idioma MARC
082 ## - NÚMERO DE LA CLASIFICACIÓN DECIMAL DEWEY
Número de clasificación 910.133
Número de documento/Ítem G347p, 1976
049 ## - FONDOS LOCALES (OCLC)
Fondos de biblioteca BNGR
100 1# - ENTRADA PRINCIPAL--NOMBRE DE PERSONA
Nombre de persona George, Pierre
Fechas asociadas al nombre 1859-1891.
9 (RLIN) 27274
240 10 - TÍTULO UNIFORME
Título uniforme Panorama du monde actuel,
Fecha de la firma de un tratado 1968,
Lenguaje de la obra francés
245 10 - MENCIÓN DE TÍTULO
Título Panorama del mundo actual /
Mención de responsabilidad, etc. Pierre George ; traductor Pablo Bordonaba.
250 ## - MENCIÓN DE EDICIÓN
Mención de edición 2a ed.
260 ## - PUBLICACIÓN, DISTRIBUCIÓN, ETC.
Lugar de publicación, distribución, etc. Barcelona :
Nombre del editor, distribuidor, etc. Ariel,
Fecha de publicación, distribución, etc. 1976.
300 ## - DESCRIPCIÓN FÍSICA
Extensión 318 p. :
Otras características físicas il., mapas, tablas ;
Dimensiones 20 cm.
490 1# - MENCIÓN DE SERIE
Mención de serie El cano la geografía y sus problemas
Designación de volumen o secuencia 5
504 ## - NOTA DE BIBLIOGRAFÍA, ETC.
Nota de bibliografía, etc. Incluye referencias bibliográficas y notas al pie de las páginas.
504 ## - NOTA DE BIBLIOGRAFÍA, ETC.
Nota de bibliografía, etc. Bibliografías: p. 297-318.
534 ## - NOTA SOBRE LA VERSIÓN ORIGINAL
Frase introductoria Título original en francés:
Mención de título del original Panorama du monde actuel
650 #0 - PUNTO DE ACCESO ADICIONAL DE MATERIA--TÉRMINO DE MATERIA
Término de materia o nombre geográfico como elemento de entrada Geografía económica
9 (RLIN) 27275
650 #4 - PUNTO DE ACCESO ADICIONAL DE MATERIA--TÉRMINO DE MATERIA
Término de materia o nombre geográfico como elemento de entrada Características demográficas
9 (RLIN) 27276
650 #4 - PUNTO DE ACCESO ADICIONAL DE MATERIA--TÉRMINO DE MATERIA
Término de materia o nombre geográfico como elemento de entrada Densidad de población
9 (RLIN) 27277
650 #4 - PUNTO DE ACCESO ADICIONAL DE MATERIA--TÉRMINO DE MATERIA
Término de materia o nombre geográfico como elemento de entrada Dinámica de la población
9 (RLIN) 27278
830 #3 - PUNTO DE ACCESO ADICIONAL DE SERIE-TÍTULO UNIFORME
Título uniforme El cano la geografía y sus problemas
Designación de volumen o secuencia 5
9 (RLIN) 27279
910 ## - DATOS DE OPCIÓN DEL USUARIO (OCLC)
Datos de opción del usuario Catalogación Original
Holdings
Estado de retiro Estado de pérdida Restricciones de uso No para préstamo Código de colección Localización permanente Ubicación/localización actual Ubicación en estantería Fecha de adquisición Número de inventario Total de préstamos Signatura topográfica completa Código de barras Fecha visto por última vez Precio válido a partir de Tipo de ítem Koha
    Préstamo interno   Monografías: Libros y Folletos General General En catalogación 19.10.2009 LF1   910.133 G347p, 1976 11529-10 25.06.2020 25.06.2020 Préstamo interno

Powered by Koha